[Event "Club Argentino"]
[Site "Buenos Aires"]
[Date "1975.??.??"]
[Round "9"]
[White "Seidler, A."]
[Black "Szmetan, Jorge"]
[Result "0-1"]
[WhiteElo "2200"]
[BlackElo "2435"]

1.c4 Nf6 2.Nf3 g6 3.g3 Bg7 4.Bg2 O-O 5.b3 d6 6.Bb2 e5 7.d3 Ne8 8.Nc3 f5 9.e3 c6
10.O-O g5 11.d4 e4 12.Ne1 g4 13.Ne2 Na6 14.Nf4 Nac7 15.h3 Nf6 16.d5 c5 17.Qe2 b5
18.cxb5 gxh3 19.Bxh3 Nfxd5 20.Bxg7 Nxf4 21.gxf4 Kxg7 22.f3 Qf6 23.Rc1 Rb8
24.fxe4 fxe4 25.f5 Nxb5 26.Qg4+ Kh8 27.Qxe4 Bb7 28.Qc2 Rg8+ 29.Bg2 Rg3 30.a4 Nc7
31.e4 Qd4+ 32.Rf2 Bxe4 33.Qe2 Rbg8 34.Kh2 Re3 35.Qb2 Qxb2 36.Rxb2 Bxf5 37.b4 Na6
38.Rf2 Be6 39.bxc5 Nxc5 40.Nc2 Rc3 41.Ra1 Nd3 42.Rd2 Nf4 43.Nd4 Bd5 44.Bf1 Rg5
45.Rb1 Rh5+ 46.Kg1 Rh1+ 47.Kf2 Nh3+ 48.Ke1 Bc4 49.Rb8+ Kg7 50.Rg2+ Kf7 51.Kd2 Bxf1
52.Rb7+ Kf6 53.Kxc3 Bxg2 54.Rxh7 Rc1+ 55.Kb4 a6 56.Ka5 Rc4 57.Ne2 Ng5 58.Rh6+ Ke5
59.Rg6 Rg4 60.Nc3 Bf1 61.Na2 d5 62.Nb4 d4 63.Rg8 Be2 64.Nc6+ Kd5 65.Nb4+ Ke4
66.Nxa6 Bxa6 67.Kxa6 d3 68.a5 Ke3 69.Rd8 Rd4 70.Rxd4 Kxd4 71.Kb7 Ne4  0-1

[Event "BUL-ch"]
[Site "?"]
[Date "1975.??.??"]
[Round "14"]
[White "Spiridonov, Nikola"]
[Black "Donchev, Dimitar I"]
[Result "1-0"]
[WhiteElo "2450"]
[BlackElo "2170"]

1.Nf3 Nf6 2.g3 g6 3.Bg2 Bg7 4.c4 O-O 5.Nc3 c6 6.O-O d5 7.cxd5 cxd5 8.d4 Nc6
9.Ne5 Bf5 10.Nxc6 bxc6 11.Na4 Ne4 12.f3 Nd6 13.Bg5 f6 14.Be3 e5 15.Rc1 Bd7
16.Bf2 Qe7 17.Nc5 Be8 18.e4 dxe4 19.Nxe4 Bf7 20.Nxd6 Qxd6 21.dxe5 Qxe5 22.b3 Qa5
23.Rc2 Rad8 24.Qe1 Qa6 25.Qc3 Bd5 26.Qc5 f5 27.f4 Rf7 28.Bxd5 cxd5 29.Rd1 d4
30.Qc4 Qxc4 31.Rxc4 Re7 32.Kf1 d3 33.Rd2 Re4 34.Bxa7 Rxc4 35.bxc4 Kf7 36.Be3 Bc3
37.Rd1 Ba5 38.c5 Rd5 39.Kf2 Ke6 40.Kf3 Bb4 41.h4 Kd7 42.Rb1 Ba5 43.a4 Kc6
44.g4 fxg4+ 45.Kxg4 Bc3 46.Kf3 Bd4 47.Rb6+ Kxc5 48.Rb5+ Kc4 49.Rxd5 Kxd5
50.a5 Kc4 51.a6 Bxe3 52.Kxe3 Kc3 53.a7 d2 54.a8=Q d1=Q 55.Qc6+ Kb4 56.Qb6+ Kc4
57.Qc7+ Kb5 58.Qxh7 Qe1+ 59.Kd4 Qf2+ 60.Kd5 Qd2+ 61.Ke6 Qe3+ 62.Kd6 Qxf4+
63.Kd7 Qd4+ 64.Ke8 Qe5+ 65.Qe7 Qh8+ 66.Kf7 Qh7+ 67.Ke6 Qh5 68.Qb7+ Kc5 69.Qe4 Qd1
70.Qe5+ Kc4 71.Qc7+ Kb3 72.Qb6+ Kc2 73.Qc5+ Kb1 74.Qg5 Qe2+ 75.Kf7 Qf3+ 76.Kxg6 Qc6+
77.Qf6 Qe8+ 78.Qf7 Qc6+ 79.Kh7 Kc1 80.h5 Qe4+ 81.Kg7 Qe5+ 82.Kg6 Qg3+ 83.Kh7 Qd3+
84.Qg6 Qd7+ 85.Kh6 Kd1 86.Qe4 Qd6+ 87.Kg5 Qd8+ 88.Kg4 Qd7+ 89.Kg3 Qd6+ 90.Qf4 Qe7
91.Qd4+ Ke2 92.h6 Qc7+ 93.Qf4 Qc3+ 94.Kg4 Qc8+ 95.Kh4 Qd8+ 96.Qg5 Qc7 97.Qg2+ Kd1
98.Qe4 Qd8+ 99.Kh3 Qf6 100.h7 Qh6+ 101.Kg3 Qd6+ 102.Qf4 Qd8 103.Qa4+ Kd2
104.Qa2+ Kd3 105.Qb3+ Ke4 106.Qf3+ Ke5 107.h8=Q+  1-0

[Event "URS-ch otbor"]
[Site "Cheliabinsk"]
[Date "1975.??.??"]
[Round "?"]
[White "Vladimirov, Evgeny"]
[Black "Rashkovsky, Nukhim N"]
[Result "0-1"]
[WhiteElo "2450"]
[BlackElo "2515"]

1.Nf3 Nf6 2.c4 g6 3.g3 Bg7 4.Bg2 O-O 5.O-O d6 6.d4 Nc6 7.Nc3 a6 8.d5 Na5
9.Nd2 c5 10.Qc2 e5 11.dxe6 Bxe6 12.b3 d5 13.cxd5 Nxd5 14.Bb2 Nb4 15.Qc1 Rc8
16.Nce4 Bxb2 17.Qxb2 f5 18.Qe5 Bd5 19.Nd6 Bxg2 20.Kxg2 Rc6 21.N2c4 Nxc4 22.Nxc4 b5
23.Ne3 Qd4 24.Qe7 Nd5 25.Nxd5 Qxd5+ 26.Kg1 Re6 27.Qc7 Qc6 28.Qxc6 Rxc6 29.a4 b4
30.a5 c4 31.bxc4 Rxc4 32.Rfc1 Rxc1+ 33.Rxc1 Rb8 34.Kf1 Rb5 35.Rb1 Kf7 36.Ke1 Ke6
37.Kd2 Kd5 38.Kd3 Rb7 39.Rc1 b3 40.Rb1 Kc5 41.Kc3 Rb4 42.Kb2 Re4 43.e3 Kb4
44.Re1 Rc4 45.f3 Rc2+ 46.Kb1 Kxa5 47.e4 fxe4 48.fxe4 Kb6 49.h4 Kc6 50.Re3 Rc5
51.Kb2 Rb5 52.e5 Kd7 53.Rd3+ Ke6 54.Rd6+ Kxe5 55.Rxa6 Rb4 56.h5 Kf5 57.Ra7 gxh5
58.Rxh7 Kg6 59.Rh8 Rb5 60.Rc8 Rg5 61.Kxb3 Rxg3+ 62.Kc2 Re3 63.Kd2 Re7 64.Rc3 h4
65.Re3 Rh7 66.Re1 h3 67.Rh1 Kg5 68.Ke3 Kh4 69.Kf2 Rf7+ 70.Kg1 Ra7  0-1

[Event "DEN-ch"]
[Site "Copenhagen"]
[Date "1975.??.??"]
[Round "4"]
[White "Iskov, Gert"]
[Black "Brondum, Eric"]
[Result "1/2-1/2"]
[WhiteElo "2410"]
[BlackElo "2320"]

1.Nf3 Nf6 2.g3 g6 3.Bg2 Bg7 4.c4 O-O 5.O-O d6 6.d4 Nbd7 7.Nc3 e5 8.e4 Re8
9.h3 exd4 10.Nxd4 Nc5 11.Re1 a5 12.Rb1 a4 13.Ndb5 Bd7 14.Bf4 Bxb5 15.cxb5 Nfd7
16.Qc2 Ne5 17.Rbd1 c6 18.Be3 Qe7 19.bxc6 bxc6 20.Rd4 a3 21.b3 Ne6 22.Rd2 c5
23.Nb5 Reb8 24.Nxd6 Nd4 25.Bxd4 cxd4 26.Nc4 Rc8 27.Rxd4 Nf3+ 28.Bxf3 Bxd4
29.e5 Rab8 30.Qe4 Qc5 31.Re2 Re8 32.Qf4 Re7 33.e6 Rf8 34.Rd2 fxe6 35.Qxd4 Qxd4
36.Rxd4 Rxf3 37.Ne3 Ra7 38.Rd8+ Rf8 39.Rd6 Rb8 40.Rxe6 Rd8 41.Nc4 Rd1+  1/2-1/2

[Event "HUN-ch"]
[Site "?"]
[Date "1975.??.??"]
[Round "?"]
[White "Cserna, Laszlo"]
[Black "Flesch, Janos"]
[Result "0-1"]
[WhiteElo "2200"]
[BlackElo "2385"]

1.Nf3 Nf6 2.c4 g6 3.g3 Bg7 4.Bg2 O-O 5.O-O d5 6.d4 Nc6 7.cxd5 Nxd5 8.Nc3 Nb6
9.e3 e5 10.d5 Ne7 11.e4 Bg4 12.a4 c6 13.a5 Nc4 14.Qa4 b5 15.axb6 Nxb6 16.Qb4 cxd5
17.exd5 Bxf3 18.Bxf3 Nf5 19.d6 Nd4 20.Bg2 Nc2 21.Qa5 Nxa1 22.Bxa8 Nb3  0-1

[Event "HUN-ch"]
[Site "?"]
[Date "1975.??.??"]
[Round "?"]
[White "Cserna, Laszlo"]
[Black "Geszosz, P."]
[Result "1/2-1/2"]
[WhiteElo "2200"]
[BlackElo "2365"]

1.Nf3 Nf6 2.c4 g6 3.g3 Bg7 4.Bg2 O-O 5.O-O d6 6.d4 Nc6 7.Nc3 a6 8.h3 Rb8
9.e4 b5 10.cxb5 axb5 11.Re1 e6 12.d5 Ne7 13.dxe6 Bxe6 14.a3 b4 15.axb4 Rxb4
16.Nd4 Bd7 17.Nc2 Rb8 18.Ne3 Be6 19.Ned5 c6 20.Nxf6+ Bxf6 21.Bh6 Re8 22.Qd2 Rb3
23.Rad1 Be5 24.f4 Qb6+ 25.Kh1 Rxb2 26.Qd3 Qf2 27.Ne2 Rb3 28.Qd2 Rb2 29.Qd3 Rb3
30.Qd2 Bg7 31.Bxg7 Kxg7 32.Nd4 Qxd2 33.Rxd2 Rxg3 34.Kh2 Rc3 35.Nxe6+ fxe6
36.Rxd6 Kf7 37.Ra1 Nc8 38.Rd7+ Re7 39.Rxe7+ Kxe7 40.Rb1 Rd3 41.e5 Na7  1/2-1/2

[Event "HUN-ch"]
[Site "?"]
[Date "1975.??.??"]
[Round "?"]
[White "Vadasz, Laszlo"]
[Black "Sax, Gyula"]
[Result "1/2-1/2"]
[WhiteElo "2460"]
[BlackElo "2510"]

1.Nf3 Nf6 2.c4 g6 3.g3 Bg7 4.Bg2 O-O 5.O-O d6 6.d4 Nc6 7.Nc3 a6 8.d5 Na5
9.Nd2 c5 10.Qc2 Rb8 11.b3 b5 12.Bb2 bxc4 13.bxc4 Bh6 14.f4 e5 15.Rae1 exf4
16.gxf4 Nh5  1/2-1/2

[Event "Lone Pine"]
[Site "Lone Pine"]
[Date "1975.??.??"]
[Round "2"]
[White "Dake, Arthur William"]
[Black "Sigurjonsson, Gudmundur"]
[Result "0-1"]
[WhiteElo "2360"]
[BlackElo "2475"]

1.Nf3 Nf6 2.c4 g6 3.g3 Bg7 4.Bg2 O-O 5.O-O d6 6.Nc3 c6 7.d3 Nbd7 8.Bg5 h6
9.Bd2 e5 10.Ne1 Nb6 11.a4 a5 12.Rc1 Be6 13.e4 Nfd7 14.f4 f5 15.Bh3 Qe7 16.Ng2 fxe4
17.Bxe6+ Qxe6 18.Nxe4 d5 19.cxd5 Nxd5 20.Qe2 exf4 21.Nxf4 Nxf4 22.Bxf4 Rae8
23.Qc2 Qd5 24.Rce1 g5 25.Bc7 Nc5 26.Rxf8+ Rxf8 27.Rf1 Rxf1+ 28.Kxf1 Nxe4
29.dxe4 Qf7+  0-1

[Event "Manila"]
[Site "Manila"]
[Date "1975.??.??"]
[Round "8"]
[White "Kavalek, Lubomir"]
[Black "Ogaard, Leif"]
[Result "1/2-1/2"]
[WhiteElo "2555"]
[BlackElo "2460"]

1.c4 Nf6 2.Nf3 g6 3.g3 Bg7 4.Bg2 O-O 5.O-O d5 6.d4 c6 7.Qb3 Qb6 8.Nc3 Rd8
9.Qxb6 axb6 10.cxd5 Nxd5 11.Nxd5 Rxd5 12.e3 Rd8 13.Bd2 c5 14.Bc3 Nc6 15.Ne5 Nxd4
16.exd4 cxd4 17.Bb4 Bxe5 18.Bxe7 Re8 19.Bb4 Be6 20.Rfe1 Bf6  1/2-1/2

[Event "URS-JUG"]
[Site "Odessa"]
[Date "1975.??.??"]
[Round "1"]
[White "Romanishin, Oleg M"]
[Black "Ostojic, Predrag"]
[Result "1-0"]
[WhiteElo "2485"]
[BlackElo "2485"]

1.c4 Nf6 2.Nf3 g6 3.g3 Bg7 4.Bg2 O-O 5.O-O d6 6.d4 c6 7.b3 d5 8.Nbd2 Ne4
9.Bb2 Nxd2 10.Nxd2 Nd7 11.e4 dxe4 12.Nxe4 Nf6 13.Nc5 Qc7 14.Qe2 b6 15.Nd3 Bb7
16.Qe5 Rac8 17.Rfe1 e6 18.a4 Rfd8 19.a5 Ne8 20.Qxc7 Rxc7 21.axb6 axb6 22.c5 bxc5
23.Nxc5 Nd6 24.Ra7 Re7 25.Rea1 Bf6 26.R1a4 Rb8 27.Rb4 Nb5 28.Rxb5 cxb5 29.Rxb7 Rexb7
30.Bxb7 Rd8 31.Kf1 Bxd4 32.Bxd4 Rxd4 33.Ke2 Rd6 34.b4 Kf8 35.Ke3 Ke7 36.Bf3 e5
37.Be2 Rd4 38.Na6 Kd6 39.Bxb5 Rd1 40.Be2 Rb1 41.Bc4 f5 42.Bg8 h6 43.Bh7 Rb3+
44.Ke2 Rb2+ 45.Kf1 Ra2 46.Nc5 Rb2 47.Bxg6 Rxb4 48.Nd3 Rb1+ 49.Ne1 e4 50.Bxf5 Ke5
51.Bg6 Kd4 52.h4 Ra1 53.h5 Ke5 54.Ke2 Ra2+ 55.Ke3 Ra3+ 56.Kd2 Ra8 57.Nc2 Ra2
58.Kc3 Ra4 59.Ne3 Kf6 60.Nc4 Ra2 61.Nd2 Ra3+ 62.Kb2  1-0

[Event "Pula zt"]
[Site "Pula"]
[Date "1975.??.??"]
[Round "?"]
[White "Csom, Istvan"]
[Black "Schmidt, Wlodzimierz"]
[Result "1-0"]
[WhiteElo "2530"]
[BlackElo "2465"]

1.Nf3 g6 2.g3 Bg7 3.c4 Nf6 4.Bg2 O-O 5.d4 d5 6.O-O dxc4 7.Na3 c3 8.bxc3 c5
9.Ne5 Nc6 10.Nac4 Nd5 11.Bb2 Be6 12.Rc1 Re8 13.Nxc6 bxc6 14.Ba3 Nb6 15.Na5 Bd5
16.Nb7 Qc7 17.Nxc5 Bxa2 18.Re1 Rad8 19.Ra1 Bc4 20.Bb4 e5 21.e3 Bd5 22.Ra6 Bc4
23.Ra1 Bd5 24.Qc2 Ra8 25.Reb1 Reb8 26.Ba5 f5 27.Qb2 f4 28.exf4 exd4 29.Bxd5+ cxd5
30.cxd4 Qf7 31.Bxb6 axb6 32.Nd3 Rxa1 33.Rxa1 Qf5 34.Ne5 g5 35.Qb5 Rd8 36.Qxb6 Rc8
37.Qb7  1-0

[Event "URS-chT"]
[Site "Riga"]
[Date "1975.??.??"]
[Round "?"]
[White "Ilinsky, Vladimir"]
[Black "Valiev, Neron"]
[Result "1/2-1/2"]
[WhiteElo "2200"]
[BlackElo "2200"]

1.c4 Nf6 2.Nf3 g6 3.g3 Bg7 4.Bg2 O-O 5.O-O d6 6.d4 c5 7.Nc3 Nc6 8.d5 Na5
9.Nd2 a6 10.Qc2 Rb8 11.b3 b5 12.Bb2 Bf5 13.e4 Bd7 14.Rab1 bxc4 15.bxc4 Bh6
16.f4 Qc7 17.Ne2 Bg7 18.h3 Rb7 19.Bc3 Rfb8 20.Rxb7 Nxb7 21.Nc1 Ne8 22.Bxg7 Nxg7
23.Nd3 Nd8 24.Qc3 e6 25.e5 dxe5 26.d6 Qxd6 27.Ne4 Qe7 28.Ndxc5 Bc6 29.fxe5 Nf5
30.Kh2 Bxe4 31.Nxe4 Qb4 32.Qxb4 Rxb4 33.Rd1 Nb7 34.Rd3 Kg7 35.Rb3 Rxb3 36.axb3 Na5
37.Nd2 Ne3 38.Be4 Nxb3 39.Nxb3 Nxc4 40.Bd3 Nxe5 41.Bxa6  1/2-1/2

[Event "URS-chT"]
[Site "Riga"]
[Date "1975.??.??"]
[Round "?"]
[White "Krogius, Nikolai V"]
[Black "Mochalov, Evgeny V"]
[Result "1/2-1/2"]
[WhiteElo "2570"]
[BlackElo "2200"]

1.Nf3 Nf6 2.c4 g6 3.g3 Bg7 4.Bg2 O-O 5.O-O d6 6.d4 c5 7.dxc5 dxc5 8.Nc3 Nc6
9.Bf4 Be6 10.Ne5 Na5 11.Nd3 Rc8 12.b3 Qd7 13.Bg5 Rfd8 14.Nf4 h6 15.Qxd7 Bxd7
16.Bxf6 exf6 17.Rad1 f5 18.Rd3 Bc6 19.Rfd1 Rxd3 20.Rxd3 Bxg2 21.Kxg2 Bxc3
22.Rxc3 Rd8 23.Rd3 Nc6  1/2-1/2

[Event "URS-chT"]
[Site "Riga"]
[Date "1975.??.??"]
[Round "?"]
[White "Etruk, Rein T"]
[Black "Mochalov, Evgeny V"]
[Result "1/2-1/2"]
[WhiteElo "2415"]
[BlackElo "2200"]

1.Nf3 Nf6 2.c4 g6 3.g3 Bg7 4.Bg2 O-O 5.O-O d6 6.Nc3 Nc6 7.d3 e5 8.Rb1 a5
9.a3 Bf5 10.Ne1 Qd7 11.b4 axb4 12.axb4 Bh3 13.b5 Bxg2 14.Kxg2 Nd4 15.Nc2 h6
16.e3 Ne6 17.e4 Nh7 18.Nd5 f5 19.f3 Rf7 20.Qe2 Raf8 21.Bd2 c6 22.Nc3 h5 23.bxc6 bxc6
24.exf5 Rxf5 25.Rf2 R5f7 26.Rbf1 d5 27.cxd5 cxd5 28.d4 exd4 29.Nb1 Re8 30.Qd3 Nhf8
31.Bb4 Kh7 32.f4 Rf5 33.Nd2 Rc8 34.Nf3  1/2-1/2

[Event "URS-chT"]
[Site "Riga"]
[Date "1975.??.??"]
[Round "?"]
[White "Susterman, Lazar"]
[Black "Litvinov, V."]
[Result "1/2-1/2"]
[WhiteElo "2200"]
[BlackElo "2470"]

1.Nf3 Nf6 2.c4 g6 3.g3 Bg7 4.Bg2 O-O 5.O-O d6 6.Nc3 c6 7.d3 d5 8.cxd5 Nxd5
9.Nxd5 cxd5 10.Qa4 h6 11.Rb1 e5 12.b4 Be6 13.b5 Nd7 14.Qb4 Rc8 15.Nd2 Qb6
16.a4 Rfe8 17.Nb3 Bf8 18.Qe1 Rc2 19.Bd2 Rec8 20.a5 Qd6 21.Qd1 Qa3 22.d4 Rb2
23.Rxb2 Qxb2 24.Bc1 Qc3 25.dxe5 Nxe5 26.Nd4 Qxa5 27.Nxe6 fxe6 28.Bh3 Re8
29.Qc2 Kh7 30.f4 Nc4 31.e4 Qb6+ 32.Kh1 Ne3 33.Bxe3 Qxe3 34.Bg2 Qc5 35.Qxc5 Bxc5
36.exd5  1/2-1/2

[Event "Stary Smokovec"]
[Site "Stary Smokovec"]
[Date "1975.??.??"]
[Round "4"]
[White "Kovacs, Laszlo M"]
[Black "Rakay, Kvetoslav"]
[Result "1/2-1/2"]
[WhiteElo "2385"]
[BlackElo "2200"]

1.Nf3 Nf6 2.g3 g6 3.c4 Bg7 4.Bg2 O-O 5.Nc3 d6 6.O-O c5 7.d3 Nc6 8.a3 a5 9.Bd2 Bd7
10.Rb1 Qc8 11.Re1 Bh3 12.Bh1 h6 13.Nd5 Nxd5 14.cxd5 Nd4 15.Bc3 Qd7 16.Bxd4 cxd4
17.Nd2 b5 18.a4 Rfc8 19.Ra1 bxa4 20.Nc4 Qb7 21.Qxa4 Bd7 22.Nxa5 Bxa4 23.Nxb7 Rcb8
24.b3 Rxb7 25.bxa4 Rba7 26.Rec1 Rxa4 27.Rxa4 Rxa4 28.Rc8+ Kh7 29.Bf3 Bf6
30.h4 h5 31.Kg2 Ra1  1/2-1/2

[Event "Szolnok"]
[Site "Szolnok"]
[Date "1975.??.??"]
[Round "7"]
[White "Flesch, Janos"]
[Black "Rajna, George"]
[Result "0-1"]
[WhiteElo "2385"]
[BlackElo "2405"]

1.Nf3 Nf6 2.c4 g6 3.g3 Bg7 4.Bg2 O-O 5.O-O d5 6.d4 Nc6 7.cxd5 Nxd5 8.Nc3 Nb6
9.e3 e5 10.d5 Ne7 11.e4 Bg4 12.a4 c6 13.a5 Nc4 14.Qa4 cxd5 15.exd5 Bxf3 16.Bxf3 Nd6
17.Bg2 Nef5 18.Bh3 Re8 19.Rd1 Nd4 20.Be3 N6f5 21.Bxf5 Nxf5 22.d6 Re6 23.Nb5 Nxe3
24.fxe3 Qg5 25.Qe4 Rd8 26.a6 bxa6 27.Rxa6 Bh6 28.Rd3 Rf6 29.Rxa7 Qh5 30.Rd2 Qh3
31.Ra1 Qe6 32.Rad1 Qb3 33.Nc3 Re6 34.Kg2 f5 35.Qh4 Qb7+ 36.e4 g5 37.Qh3  0-1

[Event "Szolnok"]
[Site "Szolnok"]
[Date "1975.??.??"]
[Round "12"]
[White "Flesch, Janos"]
[Black "Mednis, Edmar John"]
[Result "1-0"]
[WhiteElo "2385"]
[BlackElo "2455"]

1.Nf3 Nf6 2.c4 g6 3.g3 Bg7 4.Bg2 O-O 5.Nc3 d6 6.d4 c6 7.O-O Qa5 8.h3 e5 9.d5 cxd5
10.cxd5 Bd7 11.Nd2 Rc8 12.e4 Na6 13.Nb3 Qd8 14.Be3 Nc7 15.Qd2 Nh5 16.Kh2 Ne8
17.Rae1 a5 18.a3 b5 19.Rc1 Rcb8 20.Ra1 f5 21.exf5 gxf5 22.f4 b4 23.axb4 Rxb4
24.Nc1 e4 25.N1e2 Nhf6 26.Ra2 Qb8 27.Rfa1 Nc7 28.Nd4 a4 29.Nc6 Bxc6 30.dxc6 d5
31.Rxa4 Raxa4 32.Rxa4 Rxb2 33.Qd1 Qe8 34.Qc1 Rb3 35.Ne2 Ne6 36.c7 Nxc7 37.Ra7 Ne6
38.Nd4 Nxd4 39.Bxd4 Qb8 40.Rc7 Rb1 41.Rc8+ Ne8 42.Qc6 Qxc8 43.Qxc8 Bxd4 44.Qxe8+ Kg7
45.Qe7+ Kg8 46.Qg5+ Kh8 47.h4 Rb2 48.Qxf5  1-0

[Event "Vilnius zt"]
[Site "Vilnius"]
[Date "1975.??.??"]
[Round "3"]
[White "Romanishin, Oleg M"]
[Black "Vasiukov, Evgeni"]
[Result "0-1"]
[WhiteElo "2485"]
[BlackElo "2560"]

1.Nf3 Nf6 2.c4 g6 3.g3 Bg7 4.Bg2 O-O 5.O-O c6 6.d4 d6 7.b3 a6 8.Bb2 b5 9.Nbd2 Nbd7
10.Ne1 Bb7 11.Nd3 Qb8 12.Rc1 c5 13.d5 bxc4 14.bxc4 Ng4 15.Rb1 Qc7 16.Bxg7 Kxg7
17.e4 Nh6 18.g4 Rfb8 19.g5 Ng8 20.f4 h6 21.h4 Bc8 22.Rxb8 Rxb8 23.Qa1+ f6
24.Qc3 hxg5 25.hxg5 Nb6 26.Nf3 Na4 27.Qd2 Nb6 28.Qc1 Qd7 29.f5 gxf5 30.Nh4 fxe4
31.gxf6+ exf6 32.Nf5+ Kf8 33.Bxe4 Qc7 34.Nf4 Ke8 35.Rf2 Bxf5 36.Bxf5 Nd7
37.Ne6 Qa5 38.Qd1 Nh6 39.Rg2 Ne5 40.Qh5+ Ke7 41.Rg7+ Nhf7 42.Qe2 Qc3 43.Rg2 Rb2
44.Qe4 Nf3+ 45.Qxf3 Qxf3 46.Rxb2 Nd8 47.Rf2 Qe3 48.Nxd8 Kxd8 49.Kg2 Qg5+
50.Kh3 Qc1 51.Bc2 Qb2  0-1

[Event "Vilnius zt"]
[Site "Vilnius"]
[Date "1975.??.??"]
[Round "6"]
[White "Gufeld, Eduard"]
[Black "Dvorietzky, Mark I"]
[Result "1-0"]
[WhiteElo "2535"]
[BlackElo "2495"]

1.Nf3 Nf6 2.c4 g6 3.g3 Bg7 4.Bg2 O-O 5.O-O d6 6.d4 Nc6 7.Nc3 e5 8.d5 Ne7
9.e4 Nd7 10.b4 a5 11.Ba3 axb4 12.Bxb4 b6 13.a4 Nc5 14.a5 Ba6 15.axb6 cxb6
16.Qe2 Qc7 17.Ra3 Bb7 18.Nb5 Qd7 19.Rfa1 Bh6 20.h4 Rxa3 21.Rxa3 f5 22.Ng5 Bxg5
23.hxg5 fxe4 24.Bxc5 bxc5 25.Bxe4 Nc8 26.Bf3 Qe7 27.Qe3 Nb6 28.Be2 Ra8 29.Rxa8+ Nxa8
30.Qa3 Nc7 31.Qa7 Nxb5 32.cxb5 Kf8 33.Bc4 e4 34.Kf1 Qd7 35.Ke1 Ke7 36.b6 Kd8
37.Qb8+ Ke7 38.Qg8  1-0

[Event "Hoogovens-B"]
[Site "Wijk aan Zee"]
[Date "1975.??.??"]
[Round "8"]
[White "Vadasz, Laszlo"]
[Black "Martz, William E"]
[Result "0-1"]
[WhiteElo "2460"]
[BlackElo "2385"]

1.Nf3 Nf6 2.c4 g6 3.g3 Bg7 4.Bg2 O-O 5.O-O d5 6.d4 dxc4 7.Na3 Nc6 8.Nxc4 Be6
9.b3 Qc8 10.Bb2 Bh3 11.Rc1 Rd8 12.e3 Bxg2 13.Kxg2 Qe6 14.Qe2 a5 15.a3 Ne8
16.Rfe1 h6 17.Qc2 Rd7 18.Ncd2 f5 19.Nc4 Qf7 20.e4 e6 21.exf5 exf5 22.Nce5 Bxe5
23.dxe5 Ng7 24.Rcd1 Ne6 25.Rxd7 Qxd7 26.h4 h5 27.Rd1 Qe7 28.Qc4 Rd8 29.Rc1 Qd7
30.Ng5 Re8 31.Nxe6 Qxe6 32.Qxe6+ Rxe6 33.Rd1 Kf7 34.Rd5 Re7 35.Rc5 Ke6 36.Kf3 Rd7
37.Bc3 Ne7 38.Kf4 b6 39.Rc4 c5 40.f3 Rd3  0-1

[Event "Hoogovens-B"]
[Site "Wijk aan Zee"]
[Date "1975.??.??"]
[Round "8"]
[White "Ek, Hans"]
[Black "Enklaar, Bertus F"]
[Result "0-1"]
[WhiteElo "2345"]
[BlackElo "2410"]

1.Nf3 Nf6 2.c4 g6 3.g3 Bg7 4.Bg2 O-O 5.O-O d6 6.d4 Nbd7 7.h3 c6 8.Nc3 e5
9.Be3 Qe7 10.Qd2 Re8 11.d5 c5 12.Bg5 Qf8 13.e4 h6 14.Be3 Nb6 15.b3 Nh5 16.Nh4 Kh7
17.Qd1 Bd7 18.Rc1 Bf6 19.Nf3 Rec8 20.Ne1 Bg7 21.Kh2 Re8 22.Nd3 Rac8 23.f4 exf4
24.gxf4 f5 25.Nf2 fxe4 26.Nfxe4 Bf5 27.Qd2 Nd7 28.Rce1 a6 29.Qf2 b5 30.cxb5 axb5
31.Bd2 Rb8 32.Ng3 Nxg3 33.Qxg3 b4 34.Na4 Nf6 35.Bc1 Ne4 36.Qd3 Nc3 37.Qc4 Nxa2
38.Bb2 Bxb2 39.Nxb2 Qf6 40.Na4 Nc3 41.Qa6 Rxe1 42.Rxe1 Rf8 43.Nb6 Be4 44.Rf1 Re8
45.Nd7 Qe7 46.Qc6 Bxg2 47.Kxg2  0-1

[Event "Hoogovens-B"]
[Site "Wijk aan Zee"]
[Date "1975.??.??"]
[Round "13"]
[White "Schmidt, Wlodzimierz"]
[Black "Portisch, Ferenc"]
[Result "1-0"]
[WhiteElo "2465"]
[BlackElo "2420"]

1.Nf3 Nf6 2.c4 g6 3.g3 Bg7 4.Bg2 O-O 5.d4 d6 6.O-O Nbd7 7.Nc3 e5 8.e4 exd4
9.Nxd4 Re8 10.h3 Nc5 11.Re1 a5 12.Qc2 c6 13.Be3 a4 14.Rab1 Qe7 15.Rbd1 Qc7
16.b4 axb3 17.axb3 h6 18.Bf4 Nh5 19.Be3 Nf6 20.b4 Ne6 21.Nb3 Ng5 22.Kh2 Qe7
23.c5 dxc5 24.Bxc5 Qc7 25.f4 Ne6 26.Bd6 Qb6 27.f5 gxf5 28.exf5 Ng5 29.Bc5 Qc7
30.Nd2 b6 31.Bf2 Bb7 32.Nb5 Qb8 33.Nd4 Rxe1 34.Rxe1 Qd6 35.b5 Ng4+ 36.hxg4 Bxd4
37.Nc4 Qc5 38.Re5 Bxf2 39.Rxc5 Bxc5 40.bxc6 Bc8 41.Qb2 Ba6 42.Qa2  1-0

[Event "Rovinj/Zagreb"]
[Site "Zagreb"]
[Date "1975.??.??"]
[Round "11"]
[White "Marovic, Drazen"]
[Black "Tringov, Georgi P"]
[Result "1/2-1/2"]
[WhiteElo "2490"]
[BlackElo "2470"]

1.Nf3 Nf6 2.c4 g6 3.g3 Bg7 4.Bg2 O-O 5.O-O d6 6.d4 c5 7.d5 a6 8.a4 e5 9.Nc3 Ne8
10.e4 Nd7 11.Be3 Nc7 12.Qd2 f5 13.exf5 gxf5 14.Ng5 Nb6 15.Qd3 h6 16.Nh3 f4
17.a5 Nxc4 18.Qxc4 f3 19.Bxf3 Rxf3 20.Kg2 Rf8 21.f4 Bxh3+ 22.Kxh3 Qd7+ 23.Kg2 exf4
24.Bxf4  1/2-1/2

[Event "Capablanca mem-C 13th"]
[Site "Cienfuegos"]
[Date "1976.05.22"]
[Round "6"]
[White "Boudy, Julio"]
[Black "Castro Rojas, Oscar Humberto"]
[Result "0-1"]
[WhiteElo "2395"]
[BlackElo "2380"]

1.Nf3 Nf6 2.c4 g6 3.g3 Bg7 4.Bg2 O-O 5.O-O d5 6.cxd5 Nxd5 7.Nc3 Nc6 8.Nxd5 Qxd5
9.d3 Qb5 10.Rb1 a5 11.Bf4 e5 12.Be3 Be6 13.a4 Qb4 14.b3 Bd5 15.Qd2 Qd6 16.Rfc1 Rfe8
17.Bc5 Qd7 18.Ne1 Bxg2 19.Nxg2 e4 20.Rd1 Rad8 21.Qc1 Qf5 22.Ne3 Qh5 23.dxe4 Rxd1+
24.Nxd1 Qxe2 25.Ne3 Rxe4 26.Qd1 Qxd1+ 27.Rxd1 Bd4 28.Nd5 Kg7 29.Bxd4+ Rxd4
30.Rxd4 Nxd4 31.Nxc7 Nxb3 32.Ne8+ Kf8 33.Nd6 Ke7 34.Nc4 Ke6 35.h4 Kd5 36.Nb6+ Kc6
37.Nc4 b5 38.axb5+ Kxb5 39.Na3+ Kb4 40.Nc2+ Kc3 41.Na3 Nd4  0-1

[Event "Tungsram"]
[Site "Budapest"]
[Date "1976.??.??"]
[Round "?"]
[White "Vadasz, Laszlo"]
[Black "Weinstein, Norman"]
[Result "1-0"]
[WhiteElo "2465"]
[BlackElo "2430"]

1.Nf3 Nf6 2.g3 g6 3.Bg2 Bg7 4.c4 O-O 5.O-O d5 6.cxd5 Nxd5 7.d4 Nc6 8.e4 Nb6
9.d5 Na5 10.Nc3 c6 11.Re1 cxd5 12.exd5 e6 13.Bg5 f6 14.Be3 Nxd5 15.Nxd5 Qxd5
16.Qxd5 exd5 17.Nd4 Rd8 18.Nb5 Bf5 19.Nc7 Rac8 20.Nxd5 Nc6 21.b4 Bd3 22.Rac1 a6
23.Nb6 Rc7 24.Red1  1-0

[Event "HUN-ch"]
[Site "Budapest"]
[Date "1976.??.??"]
[Round "1"]
[White "Vadasz, Laszlo"]
[Black "Portisch, Ferenc"]
[Result "1-0"]
[WhiteElo "2465"]
[BlackElo "2425"]

1.Nf3 Nf6 2.g3 g6 3.Bg2 Bg7 4.c4 O-O 5.d4 d6 6.O-O Nbd7 7.Nc3 e5 8.e4 exd4
9.Nxd4 Re8 10.h3 c6 11.Be3 Nc5 12.Qc2 a5 13.b3 h5 14.Rad1 Qe7 15.Rfe1 Ncxe4
16.Bf4 d5 17.cxd5 cxd5 18.Nxd5 Nxd5 19.Rxe4 Qxe4 20.Bxe4 Nb4 21.Qb1 Nxa2
22.Nb5 Bxh3 23.Bxb7  1-0

[Event "HUN-ch"]
[Site "Budapest"]
[Date "1976.??.??"]
[Round "3"]
[White "Sapi, Laszlo"]
[Black "Karsa, Laszlo"]
[Result "1/2-1/2"]
[WhiteElo "2395"]
[BlackElo "2200"]

1.Nf3 Nf6 2.g3 g6 3.Bg2 Bg7 4.c4 O-O 5.d4 d6 6.O-O Nc6 7.d5 Na5 8.Nfd2 c5
9.Nc3 a6 10.Rb1 Bd7 11.Qc2 b5 12.b3 Rb8 13.Bb2 bxc4 14.bxc4 Bh6 15.e3 Ng4
16.Nce4 f5  1/2-1/2

[Event "WchT U26 prel-1"]
[Site "Caracas"]
[Date "1976.??.??"]
[Round "1"]
[White "Romanishin, Oleg M"]
[Black "Hug, Werner"]
[Result "0-1"]
[WhiteElo "2560"]
[BlackElo "2430"]

1.Nf3 Nf6 2.c4 g6 3.g3 Bg7 4.Bg2 O-O 5.O-O d6 6.d4 c6 7.b3 Bg4 8.Bb2 Nbd7
9.Nbd2 e5 10.Qc2 Re8 11.e4 a5 12.a4 Bxf3 13.Nxf3 exd4 14.Nxd4 Nc5 15.Rfe1 Qb6
16.Rad1 Re7 17.Kh1 Rae8 18.f3 Nfd7 19.Bc3 f5 20.Qd2 fxe4 21.Bxa5 Nxb3 22.Nxb3 Qxb3
23.fxe4 Qxa4 24.Bb4 Be5 25.Rb1 Nc5 26.Re3 Qa8 27.Ra3 Qc8 28.Ra5 b6 29.Ra3 Qe6
30.Bxc5 bxc5 31.Qd3 Qc8 32.Bf3 Rf8 33.Qe2 Bd4 34.Rb6 Qh3 35.Rb1 Ref7 36.Bg2 Qe6
37.Rf3 Kg7 38.Rxf7+ Rxf7 39.Bf3 h5 40.Rb6 h4 41.gxh4 Qh3 42.Rb3 Qxh4 43.Rb1 Be5
44.Rf1 Rb7 45.Qf2 Qf4 46.Be2 Qxe4+ 47.Qf3 Qxf3+ 48.Bxf3 Rb2 49.Bxc6 Rxh2+
50.Kg1 Rd2 51.Rf3 g5 52.Kf1 g4 53.Rf2 Rd4 54.Bd5 g3 55.Re2 Kf6 56.Kg2 Kf5
57.Bg8 Kf4 58.Bf7 Rd1 59.Bg6 Rc1 60.Bd3 Rc3 61.Re4+ Kg5 62.Be2 Kf5 63.Rh4 Rc2
64.Kf3 Rxe2  0-1

[Event "Dubna"]
[Site "Dubna"]
[Date "1976.??.??"]
[Round "?"]
[White "Donchenko, Anatoly G"]
[Black "Gipslis, Aivars"]
[Result "0-1"]
[WhiteElo "2395"]
[BlackElo "2535"]

1.Nf3 Nf6 2.c4 g6 3.g3 Bg7 4.Bg2 O-O 5.O-O d5 6.cxd5 Nxd5 7.d4 c5 8.dxc5 Na6
9.c6 bxc6 10.Nbd2 Nc5 11.Nc4 Ba6 12.Nfe5 Qc7 13.Qc2 Ne6 14.Nf3 Rab8 15.a3 Rfd8
16.Rd1 c5 17.e4 Nb6 18.Ne3 Rxd1+ 19.Nxd1 Qd8 20.Bf1 Bxf1 21.Kxf1 Nd4 22.Nxd4 cxd4
23.Bd2 d3 24.Qb3 Qd4 25.Nc3 Nd7 26.Qa2 Ne5 27.Bf4 Ng4 28.Nd1 Qxe4 29.Kg1 Qe1+
30.Kg2 Rxb2 31.Qd5 Rxf2+ 32.Nxf2 Qxf2+ 33.Kh3 h5 34.Rh1 Qe2 35.Kh4 Nf2  0-1

[Event "Haifa ol (Men)"]
[Site "Haifa"]
[Date "1976.??.??"]
[Round "?"]
[White "Timman, Jan H"]
[Black "Day, Lawrence A"]
[Result "1/2-1/2"]
[WhiteElo "2550"]
[BlackElo "2350"]

1.Nf3 Nf6 2.g3 g6 3.Bg2 Bg7 4.c4 O-O 5.O-O d6 6.d4 Nbd7 7.Nc3 e5 8.e4 c6
9.h3 Qb6 10.Re1 Re8 11.d5 c5 12.a3 Rf8 13.Be3 Qd8 14.Nd2 b6 15.Rb1 a6 16.b4 Ra7
17.Kh2 Kh8 18.Rb3 Ng8 19.f4 Rc7 20.Qe2 exf4 21.gxf4 Qh4 22.Nf3 Qh5 23.Bd2 Nh6
24.bxc5 bxc5 25.Na4 Re8 26.Ba5 Ra7 27.Nb6 Rb7 28.Qd3 Nxb6 29.Rxb6 Rxb6 30.Bxb6 Bxh3
31.Bxh3 Ng4+ 32.Kg2 Qxh3+ 33.Kxh3 Nf2+ 34.Kg3 Nxd3 35.Re2 Bh6 36.Ng5 Nxf4
37.Kxf4 f6 38.Bc7 fxg5+ 39.Kg4 Bf8 40.e5 Rxe5 41.Rxe5 dxe5 42.d6 Kg7 43.d7 h5+
44.Kf3 Be7 45.d8=Q g4+ 46.Ke4 Bxd8 47.Bxd8 g3 48.Kf3 Kf7 49.Kxg3 Ke6 50.Bb6 Kf5
51.Bxc5 g5 52.Be3 h4+ 53.Kh3 Ke4 54.Bb6 Kf5 55.Bf2 Ke6 56.Kg4 Kd6 57.Bg1 e4
58.Kf5 e3 59.Bxe3 h3  1/2-1/2